Sociálny fond ako zdroj financovania sociálnej politiky podniku - čerpanie sociálneho fondu

Čerpanie a použitie prostriedkov sociálneho fondu, tvorba programu starostlivosti o zamestnancov a otázky zdaňovania plnení poskytnutých zamestnancom zo sociálneho fondu podľa zákona o dani z príjmov. Príspevok nadväzuje na príspevok publikovaný v DÚPP č. 1/2011.

Uložené v:
Podrobná bibliografia
Hlavný autor: Horváthová, Miluška
Médium: Kapitola
Jazyk:Slovak
Predmet:
Tagy: Pridať tag
Žiadne tagy, Buďte prvý, kto otaguje tento záznam!

MARC

LEADER 00000naa a2200000 4500
001 0124160
005 20231114101420.3
041 0 |a slo 
044 |a SK 
245 1 0 |a Sociálny fond ako zdroj financovania sociálnej politiky podniku - čerpanie sociálneho fondu  |c Miluška Horváthová 
520 |a Čerpanie a použitie prostriedkov sociálneho fondu, tvorba programu starostlivosti o zamestnancov a otázky zdaňovania plnení poskytnutých zamestnancom zo sociálneho fondu podľa zákona o dani z príjmov. Príspevok nadväzuje na príspevok publikovaný v DÚPP č. 1/2011. 
610 2 0 |a fond sociálny 
100 1 |a Horváthová, Miluška